1856 1099 1639 1193 1406 1705 1143 1223 1651 1224 1723 1575 1927 1123 1435 1232 1281 1978 1722 1327 1418 1226 1756 1023 1000 1478 1180 1124 1985 1782 1158 1711 1346 1360 1859 1195 1719 1839 1871 1881 1109 1595 1412 1396 1967 1817 1192 1565 1216 1606 1613 1352 1222 1807 1051 1966 1045 1450 1279 1855 1024 1371 1199 1755 1861 1490 1161 1805 1032 1477 1298 1244 1003 1803 1541 1528 1329 1782 1835 1944 1897 1168 1276 1441 1584 1392 1361 1226 1331 1647 1686 1437 1074 1543 1755 1604 1921 1709 1745 BCNSPRNW ULIB Ver.6.0+V

เปลี่ยนเป็นภาษาไทย

Change to English
 แสดงรายละเอียดบรรณานุกรม
  กลับหน้าหลัก

Brief Record : Get Marc (ISO 2709) : E-mail record : QR code < ปิดหน้าต่าง
LEADER : 00000nam 2200000uu 4500
001    13399112861
003     ULIB
008    110914s2552||||th 000 0 tha d
020    9789740204817
060 04 WB327^bอ114ค 2552
100 0  องค์การ เรืองรัตนอัมพร
245 10 เคาะกะโหลกโขกไอเดียเพื่อชีวิตและสุขภาพ /^cผู้เขียน,องค์การ เรืองรัตนอัมพร
250    พิมพ์ครั้งที่ 1
260    กรุงเทพฯ :^bมติชนปากเกร็ด,^c2552
300    310 หน้า :^bภาพประกอบ ;^c17 ซม.
650  7 การดูแลสุขภาพด้วยตนเอง
650  7 สุขภาพ^xรวมเรื่อง
650  7 สุขภาพ, การดูแล
945    ^p220^l0^i17726
995    กัณชพร
999    ^aใช้งานได้ทุกระบบ
รายการนี้ยังไม่มีแท็ก
คุณยังไม่ได้ล็อกอิน คุณสามารถมีกิจกรรมร่วมกับเว็บไซต์ได้ แต่ต้องล็อกอินก่อน ::
  ล็อกอิน

รายการสื่อสารสนเทศ

ลำดับที่ ประเภท เลขเรียก/บาร์โค้ด สถานที่ สถานะ
- ไม่พบข้อมูล -

รายการใกล้เคียง
    ผู้แต่ง [องค์การ เรืองรัตนอัมพร]

    หัวเรื่อง [การดูแลสุขภาพด้วยตนเอง]
    หัวเรื่อง [สุขภาพ รวมเรื่อง]
    หัวเรื่อง [สุขภาพ, การดูแล]

BibComment


ยังไม่เคยถูกคอมเมนท์

คอมเมนท์ทรัพยากรรายการนี้
  คอมเมนท์: เคาะกะโหลกโขกไอเด..


 Copyright 2026. Bcnsprnw @Library